Catálogo - Centro de Recursos para el Aprendizaje y la Investigación
Volver al Sitio - CRAI Biblioteca| 000 -CABECERA | |
|---|---|
| campo de control de longitud fija | 01052cam a2200265Ia 4500 |
| 001 - NÚMERO DE CONTROL | |
| campo de control | 113101 |
| 003 - IDENTIFICADOR DEL NÚMERO DE CONTROL | |
| campo de control | DR-UNIBE |
| 005 - FECHA Y HORA DE LA ÚLTIMA TRANSACCIÓN | |
| campo de control | 20241201062635.0 |
| 008 - DATOS DE LONGITUD FIJA--INFORMACIÓN GENERAL | |
| campo de control de longitud fija | 200909b2024 dr ||||| |||| 00| 0 spa d |
| 020 ## - NÚMERO INTERNACIONAL ESTÁNDAR DEL LIBRO | |
| Número Internacional Estándar del Libro | 9789945629446 |
| 040 ## - FUENTE DE LA CATALOGACIÓN | |
| Centro catalogador/agencia de origen | BIBLIOTECA UNIBE |
| Centro/agencia transcriptor | BIBLIOTECA UNIBE |
| Normas de descripción | rda |
| 041 ## - CÓDIGO DE LENGUA | |
| Código de lengua del texto/banda sonora o título independiente | spa |
| 082 04 - NÚMERO DE LA CLASIFICACIÓN DECIMAL DEWEY | |
| Número de clasificación | R-RD 015.7293 A347c 2024 |
| 100 ## - ENTRADA PRINCIPAL--NOMBRE DE PERSONA | |
| Nombre de persona | Alcántara Almánzar, José, |
| Fechas asociadas al nombre | 1946- |
| Término indicativo de función/relación | autor |
| 9 (RLIN) | 4696 |
| 245 10 - MENCIÓN DE TÍTULO | |
| Título | Catálogo de la colección del Banco Central : |
| Resto del título | 2018-2024 / |
| Mención de responsabilidad, etc. | José Alcántara Almánzar |
| 260 ## - PUBLICACIÓN, DISTRIBUCIÓN, ETC. | |
| Lugar de publicación, distribución, etc. | Santo Domingo : |
| Nombre del editor, distribuidor, etc. | Banco Central de la República Dominicana, |
| Fecha de publicación, distribución, etc. | 2024 |
| 300 ## - DESCRIPCIÓN FÍSICA | |
| Extensión | 148 páginas : |
| Otras características físicas | ilustraciones |
| 490 0# - MENCIÓN DE SERIE | |
| Mención de serie | Colección del Banco Central de la República Dominicana ; |
| Designación de volumen o secuencia | 314 |
| 490 0# - MENCIÓN DE SERIE | |
| Mención de serie | Serie arte y literatura ; |
| Designación de volumen o secuencia | número 118 |
| 500 ## - NOTA GENERAL | |
| Nota general | Incluye datos biográficos de los autores. |
| 650 04 - PUNTO DE ACCESO ADICIONAL DE MATERIA--TÉRMINO DE MATERIA | |
| Término de materia o nombre geográfico como elemento de entrada | Resen̋a de libros |
| Subdivisión geográfica | República Dominicana |
| 9 (RLIN) | 4697 |
| 650 04 - PUNTO DE ACCESO ADICIONAL DE MATERIA--TÉRMINO DE MATERIA | |
| Término de materia o nombre geográfico como elemento de entrada | Bancos centrales |
| Subdivisión geográfica | República Dominicana |
| Subdivisión de forma | Catálogos |
| 9 (RLIN) | 4698 |
| 650 04 - PUNTO DE ACCESO ADICIONAL DE MATERIA--TÉRMINO DE MATERIA | |
| Término de materia o nombre geográfico como elemento de entrada | Catálogos de editores |
| Subdivisión geográfica | República Dominicana |
| 9 (RLIN) | 4699 |
| 942 ## - ELEMENTOS DE PUNTO DE ACCESO ADICIONAL (KOHA) | |
| Fuente del sistema de clasificación o colocación | Sistema de Clasificación Decimal Dewey |
| Tipo de ítem Koha | Libro (referencia) |
| Estado de retiro | Estado de pérdida | Fuente del sistema de clasificación o colocación | No para préstamo | Código de colección | Localización permanente | Fecha de adquisición | Total de préstamos | Signatura topográfica completa | Código de barras | Fecha visto por última vez | Número de copia | Precio válido a partir de | Tipo de ítem Koha |
|---|---|---|---|---|---|---|---|---|---|---|---|---|---|
| Disponible | Sistema de Clasificación Decimal Dewey | Referencia - Obras dominicanas | Biblioteca Central UNIBE | 26/09/2020 | R-RD 015.7293 A347c 2024 | 240939 | 26/09/2024 | Ej. 1 | 26/09/2024 | Libro (referencia) |